| 000 | 00586cab a2200205 4500 | ||
|---|---|---|---|
| 001 | WB3405-31 | ||
| 008 | 090401t1998 xxu||||| |||| 00| 0 eng d | ||
| 035 | _a(Sirsi) u83573 | ||
| 041 | _aeng | ||
| 245 | _aGreen tax snubbed | ||
| 260 | _c1998 | ||
| 350 | _a0 | ||
| 490 |
_aAccountancy Age _v29 January 1998, 11(1) |
||
| 520 | _aLeading chartered surveyors and accountants have criticised government plans for implementing a green belt development tax. | ||
| 650 | _aGREEN BELT DEVELOPMENT | ||
| 650 | _aGREEN BELT | ||
| 690 | _aTAXATION | ||
| 942 | _n0 | ||
| 948 | _c05/02/1998 | ||
| 999 |
_c52796 _d52796 |
||